[Event "Thüringenliga 2014/2015"]
[Site "?"]
[Date "2015.03.01"]
[Round "7"]
[White "Müller-Ludwig, Kristin"]
[Black "Severino, Leonardo"]
[Result "0-1"]
[WhiteElo "1992"]
[BlackElo "1687"]
[PlyCount "78"]
[EventDate "2015.??.??"]
[WhiteTeam "SV Medizin Erfurt"]
[BlackTeam "ESV Lok Sömmerda"]

1. e4 e6 2. d4 d5 3. Nc3 Bb4 4. e5 c5 5. a3 Bxc3+ 6. bxc3 Ne7 7. Nf3 Nbc6 8.
Bd3 Bd7 9. O-O Qa5 10. Bd2 Qa4 11. Qb1 c4 12. Be2 f6 13. exf6 gxf6 14. Bf4
O-O-O 15. Re1 Ng6 16. Bh6 Rhg8 17. Bf1 Qa5 18. Qc1 Nce7 19. Qb2 Nf5 20. Be3 Qc7
21. Kh1 h5 22. a4 h4 23. a5 Rg7 24. Qa3 Bc6 25. Bd2 Nf4 26. Bxf4 Qxf4 27. Qc1
Qg4 28. h3 Qg6 29. Rxe6 Bd7 30. Ne5 Qh5 31. Nxd7 Rdxd7 32. a6 b6 33. Qf4 Rde7
34. Rxf6 Rgf7 35. Rxf7 Rxf7 36. Qe5 Rf8 37. Re1 Qg6 38. Qxd5 Ng3+ 39. fxg3 Qf6
0-1

[Event "Thüringenliga 2014/2015"]
[Site "?"]
[Date "2015.03.01"]
[Round "7"]
[White "Berger, Nils"]
[Black "Jakob, Matthias"]
[Result "1/2-1/2"]
[WhiteElo "1637"]
[BlackElo "1931"]
[PlyCount "89"]
[EventDate "2015.??.??"]
[WhiteTeam "ESV Lok Sömmerda"]
[BlackTeam "SV Medizin Erfurt"]

1. e4 Nc6 2. Nf3 d6 3. d4 Nf6 4. Bd3 g6 5. c3 Bg7 6. Bf4 O-O 7. O-O Bg4 8. Bc2
Nh5 9. Be3 e5 10. d5 Ne7 11. Nbd2 f5 12. exf5 Nxf5 13. h3 Nxe3 14. fxe3 Bd7 15.
Ba4 Ng3 16. Bxd7 Qxd7 17. Re1 e4 18. Nd4 Qf7 19. Nc4 Qxd5 20. Qg4 Nf5 21. Nd2
Rae8 22. c4 Qe5 23. Nxf5 Rxf5 24. Rab1 Bh6 25. Nb3 c6 26. Nd4 Bxe3+ 27. Rxe3
Qxd4 28. Rbe1 d5 29. cxd5 cxd5 30. Qe2 Qb6 31. Kh1 Ref8 32. Rb3 Qc7 33. Rc3 Qd6
34. Rcc1 Rf2 35. Qb5 R2f7 36. Rcd1 Qe6 37. Qxd5 Qxd5 38. Rxd5 Re7 39. Rd2 e3
40. Rde2 Rfe8 41. g4 Kg7 42. Kg2 Kf6 43. Kg3 Re4 44. Kf3 Kg5 45. Kg3 1/2-1/2

[Event "Thüringenliga 2014/2015"]
[Site "?"]
[Date "2015.03.01"]
[Round "7"]
[White "Zehnter, Sebastian"]
[Black "Duzy, Stefan"]
[Result "1-0"]
[WhiteElo "2233"]
[BlackElo "1916"]
[PlyCount "69"]
[EventDate "2015.??.??"]
[WhiteTeam "Ilmenauer SV"]
[BlackTeam "Erfurter Schachklub"]

1. e4 c5 2. Nf3 d6 3. d4 cxd4 4. Nxd4 Nf6 5. Nc3 g6 6. g3 Nc6 7. Nde2 Bg7 8.
Bg2 O-O 9. O-O Bd7 10. h3 Ne5 11. a4 Rc8 12. b3 Rxc3 13. Nxc3 Qc8 14. Bd2 Bxh3
15. Rc1 h5 16. Qe2 Bxg2 17. Kxg2 h4 18. gxh4 Nc6 19. f3 Kh7 20. Nd5 Nxd5 21.
exd5 Nd4 22. Qd3 Nf5 23. Rh1 Bf6 24. Bg5 Be5 25. c4 f6 26. Bd2 Rg8 27. Rce1 Rg7
28. Re4 g5 29. hxg5+ Kg8 30. f4 Ng3 31. Qxg3 Rxg5 32. fxe5 Rxg3+ 33. Kxg3 fxe5
34. Rg4+ Kf7 35. Rf1+ 1-0

[Event "Thüringenliga 2014/2015"]
[Site "?"]
[Date "2015.03.01"]
[Round "7"]
[White "Burkhardt, Kai"]
[Black "Mehlhorn, Uwe"]
[Result "1/2-1/2"]
[WhiteElo "1854"]
[BlackElo "2095"]
[PlyCount "92"]
[EventDate "2015.??.??"]
[WhiteTeam "Erfurter Schachklub"]
[BlackTeam "Ilmenauer SV"]

1. e4 c5 2. Nc3 Nc6 3. f4 e6 4. Nf3 d5 5. e5 Nge7 6. g3 Nf5 7. Bg2 Be7 8. O-O
O-O 9. b3 Rb8 10. Bb2 b5 11. Ne2 h5 12. h3 Qb6 13. g4 hxg4 14. hxg4 Nh6 15. Bh3
c4+ 16. Kh2 Bc5 17. Qe1 d4 18. Qh4 Ne7 19. Bxd4 Bxd4 20. Nexd4 Ng6 21. Qg3 Rd8
22. c3 Bb7 23. f5 Nf8 24. Nh4 Rxd4 25. cxd4 Qxd4 26. Rad1 cxb3 27. axb3 Rc8 28.
g5 Nxf5 29. Bxf5 exf5 30. Nxf5 Qb4 31. Nd6 Rc7 32. Rf4 Qc5 33. Nxb7 Rxb7 34.
Rf2 Qd4 35. Qf4 Qd5 36. Rc1 Qxb3 37. Rc8 Qe6 38. Qf5 Qxf5 39. Rxf5 g6 40. Rf1
Kg7 41. d4 Rd7 42. Ra8 Ne6 43. Rd1 Rxd4 44. Rxd4 Nxd4 45. Kg3 Nc6 46. Rc8 Nxe5
1/2-1/2

[Event "Thüringenliga 2014/2015"]
[Site "?"]
[Date "2015.03.01"]
[Round "7"]
[White "Troyke, Doreen"]
[Black "Rempel, Patrick"]
[Result "0-1"]
[WhiteElo "1978"]
[BlackElo "2020"]
[PlyCount "102"]
[EventDate "2015.??.??"]
[WhiteTeam "Erfurter Schachklub"]
[BlackTeam "Ilmenauer SV"]

1. c4 Nf6 2. g3 g6 3. Bg2 Bg7 4. Nc3 O-O 5. Nf3 Nc6 6. O-O d5 7. cxd5 Nxd5 8.
Qb3 Nb6 9. d3 Bg4 10. Be3 e5 11. h3 Be6 12. Qd1 h6 13. Kh2 f5 14. Nd2 Rb8 15.
f4 Kh7 16. Nf3 exf4 17. gxf4 Re8 18. Qd2 Qe7 19. Bf2 Rbd8 20. Rae1 Qf7 21. a3
Bf6 22. Rg1 Qg7 23. Bh4 Bf7 24. Qc1 Nd5 25. Bxf6 Qxf6 26. Nxd5 Bxd5 27. b4 a6
28. Qc5 b6 29. Qf2 Bxf3 30. Bxf3 Nd4 31. Rc1 Re7 32. e4 Nxf3+ 33. Qxf3 fxe4 34.
dxe4 Rd2+ 35. Kh1 Qd4 36. f5 Rf2 37. fxg6+ Kg7 38. Qg4 Qd2 39. Qg3 Qe2 40. Rge1
Qf3+ 41. Qxf3 Rxf3 42. Kg2 Rxa3 43. Rc6 Rb3 44. h4 Rxb4 45. Kf3 a5 46. h5 a4
47. Rec1 Rbxe4 48. Rxc7 a3 49. Rxe7+ Rxe7 50. Ra1 Ra7 51. Ke4 Ra5 0-1

[Event "Thüringenliga 2014/2015"]
[Site "?"]
[Date "2015.03.01"]
[Round "7"]
[White "Sukaylo, Aleksey"]
[Black "Fischer, Dieter"]
[Result "1-0"]
[WhiteElo "2011"]
[BlackElo "1903"]
[PlyCount "63"]
[EventDate "2015.??.??"]
[WhiteTeam "Ilmenauer SV"]
[BlackTeam "Erfurter Schachklub"]

1. e4 d5 2. exd5 Nf6 3. Nf3 Nxd5 4. d4 g6 5. c4 Nb6 6. Nc3 Bg7 7. c5 Nd5 8. Bc4
c6 9. O-O O-O 10. h3 Nxc3 11. bxc3 b6 12. cxb6 axb6 13. Re1 Ba6 14. Bb3 Nd7 15.
Bg5 Nf6 16. Ne5 Bb7 17. Ng4 Nxg4 18. Bxe7 Nxf2 19. Kxf2 Qd7 20. Bxf8 Bxf8 21.
Qg4 Qc7 22. Kg1 Bc8 23. Qf3 Ra7 24. Re8 c5 25. Bxf7+ Qxf7 26. Qxf7+ Kxf7 27.
Rxc8 Bg7 28. dxc5 Bxc3 29. cxb6 Bd4+ 30. Kf1 Bxb6 31. a4 Ke7 32. Rc4 1-0

[Event "Thüringenliga 2014/2015"]
[Site "?"]
[Date "2015.03.01"]
[Round "7"]
[White "Albrecht, Ulrich"]
[Black "Falk, Kristoffer"]
[Result "1/2-1/2"]
[WhiteElo "2016"]
[BlackElo "1826"]
[PlyCount "58"]
[EventDate "2015.??.??"]
[WhiteTeam "Erfurter Schachklub"]
[BlackTeam "Ilmenauer SV"]

1. d4 d5 2. Nf3 Nf6 3. c4 e6 4. Nc3 c6 5. e3 Bd6 6. Bd3 O-O 7. O-O Nbd7 8. e4
dxe4 9. Nxe4 Nxe4 10. Bxe4 Qc7 11. Re1 b6 12. Qc2 h6 13. Be3 Nf6 14. Bd3 Ng4
15. h3 Nxe3 16. Rxe3 c5 17. Bh7+ Kh8 18. Be4 Bb7 19. Bxb7 Qxb7 20. Qe4 Rab8 21.
Qxb7 Rxb7 22. dxc5 bxc5 23. Rd3 Be7 24. b3 Rd8 25. Rad1 Rxd3 26. Rxd3 Bf6 27.
Kf1 Kg8 28. Ke2 Kf8 29. Rd6 Rc7 1/2-1/2

[Event "Thüringenliga 2014/2015"]
[Site "?"]
[Date "2015.03.01"]
[Round "7"]
[White "Leuner, Klaus"]
[Black "Friedt, Marius"]
[Result "0-1"]
[WhiteElo "1882"]
[BlackElo "1858"]
[PlyCount "80"]
[EventDate "2015.??.??"]
[WhiteTeam "Ilmenauer SV"]
[BlackTeam "Erfurter Schachklub"]

1. d4 Nf6 2. c4 e6 3. Nc3 Bb4 4. Qc2 b6 5. Bg5 h6 6. Bh4 Bb7 7. Nf3 g5 8. Bg3
Ne4 9. Nd2 f5 10. f3 Nxg3 11. hxg3 Bd6 12. g4 Bg3+ 13. Kd1 Qf6 14. gxf5 exf5
15. d5 Be5 16. e3 Na6 17. Rc1 O-O 18. a3 c6 19. e4 f4 20. Nb3 Rac8 21. Qd3 Rfe8
22. Be2 cxd5 23. exd5 Nc5 24. Nxc5 Rxc5 25. Ne4 Qg7 26. Nxc5 bxc5 27. Qe4 Re6
28. Qc2 Rb6 29. b3 Bd4 30. Rb1 Be3 31. Qe4 Re6 32. Qd3 Ra6 33. a4 Rd6 34. g3
Qe5 35. gxf4 gxf4 36. Kc2 Kf8 37. Qh7 Bxd5 38. Rxh6 Be4+ 39. Qxe4 Rd2+ 40. Kc1
Qc3+ 0-1

[Event "Thüringenliga 2014/2015"]
[Site "?"]
[Date "2015.03.01"]
[Round "7"]
[White "Held, Martin"]
[Black "Döring, Pit"]
[Result "1-0"]
[WhiteElo "1722"]
[BlackElo "1591"]
[PlyCount "143"]
[EventDate "2015.??.??"]
[WhiteTeam "Erfurter Schachklub"]
[BlackTeam "Ilmenauer SV"]

1. e4 e5 2. f4 d6 3. Nf3 Nc6 4. Bc4 Be6 5. Bb5 f6 6. O-O a6 7. Bxc6+ bxc6 8. d4
Bg4 9. dxe5 Bxf3 10. Qxf3 dxe5 11. Rd1 Bc5+ 12. Kh1 Qe7 13. Nc3 Qe6 14. Be3 Bd6
15. f5 Qc4 16. Qg4 Kf7 17. Qh5+ Kf8 18. Qe2 Qxe2 19. Nxe2 Ne7 20. Nc3 Rb8 21.
b3 g6 22. fxg6 hxg6 23. Na4 Rh4 24. Nc5 Ke8 25. Nxa6 Rc8 26. Bc5 Kd7 27. Nxc7
Kxc7 28. Bxd6+ Kd7 29. Bxe5+ Ke6 30. Bd6 Rxe4 31. Bxe7 Kxe7 32. Re1 Re6 33.
Rxe6+ Kxe6 34. Rd1 Ra8 35. a4 Ra5 36. Kg1 Rf5 37. Rd2 Re5 38. Rd3 Re2 39. c3 c5
40. b4 Ra2 41. a5 Ra3 42. Kf2 cxb4 43. Re3+ Kd5 44. cxb4 Ra4 45. Rb3 Kc4 46.
Rb1 Kb5 47. Rb2 Ra3 48. g3 Rd3 49. Ke2 Rd5 50. Ke3 Re5+ 51. Kd4 Rf5 52. Ra2 Ka6
53. Kc4 Re5 54. Rd2 Re4+ 55. Kc5 Re5+ 56. Rd5 Re4 57. Rd6+ Kb7 58. Rd7+ Kc8 59.
Rd6 Kb7 60. b5 Re5+ 61. Rd5 Re2 62. Rd7+ Kc8 63. Rh7 Re5+ 64. Kb6 Re6+ 65. Ka7
Re5 66. Ka6 Re2 67. b6 Rb2 68. Rh8+ Kd7 69. Rh7+ Kc8 70. b7+ Kb8 71. Rh8+ Kc7
72. Rc8+ 1-0

[Event "Thüringenliga 2014/2015"]
[Site "?"]
[Date "2015.03.01"]
[Round "7"]
[White "Wegerich, Michael"]
[Black "Siebarth, Raiko"]
[Result "0-1"]
[WhiteElo "1945"]
[BlackElo "2224"]
[PlyCount "128"]
[EventDate "2015.??.??"]
[WhiteTeam "SV Ammern"]
[BlackTeam "SG Blau-Weiß Stadtilm"]

1. e4 c5 2. Nf3 d6 3. d4 cxd4 4. Qxd4 Nc6 5. Bb5 Bd7 6. Bxc6 Bxc6 7. Nc3 Nf6 8.
Bg5 e6 9. O-O-O Be7 10. Rhe1 O-O 11. Kb1 Qa5 12. Qd2 Qa6 13. Nd4 Rfc8 14. f4 h6
15. Bxf6 Bxf6 16. e5 dxe5 17. fxe5 Be7 18. Nxc6 Rxc6 19. Re4 Rac8 20. Rg4 Qa5
21. Qd7 R6c7 22. Qb5 Qxb5 23. Nxb5 Rc5 24. a4 a6 25. Nc3 R8c7 26. Re4 h5 27.
Rd3 b5 28. axb5 axb5 29. Re2 Ra7 30. Re4 Kh7 31. Ne2 b4 32. Nd4 g5 33. h3 Kg6
34. g4 Bf8 35. gxh5+ Kxh5 36. Rg3 Rca5 37. Nb3 Rd5 38. Rd3 Rad7 39. Rxd5 Rxd5
40. Nd4 Bc5 41. Ne2 Kg6 42. h4 gxh4 43. Rxh4 Rxe5 44. Rh2 Re4 45. Rg2+ Kf6 46.
Ka2 Ke7 47. Nc1 Bd6 48. Nd3 e5 49. Kb3 Rd4 50. Re2 Ke6 51. Ne1 f5 52. c3 bxc3
53. bxc3 Rg4 54. Nf3 e4 55. Nd4+ Kf6 56. Kc4 Be5 57. Kd5 Rg3 58. Ra2 Bxd4 59.
cxd4 Rd3 60. Ra6+ Kg5 61. Ke5 e3 62. Ra1 Kg4 63. Rg1+ Kf3 64. Rf1+ Kg2 0-1

[Event "Thüringenliga 2014/2015"]
[Site "?"]
[Date "2015.03.01"]
[Round "7"]
[White "Schneider, Christian"]
[Black "Schorch, Rüdiger"]
[Result "0-1"]
[WhiteElo "2198"]
[BlackElo "1882"]
[PlyCount "80"]
[EventDate "2015.??.??"]
[WhiteTeam "SG Blau-Weiß Stadtilm"]
[BlackTeam "SV Ammern"]

1. c4 Nf6 2. g3 e5 3. Bg2 c6 4. d4 exd4 5. Qxd4 Be7 6. Nc3 O-O 7. e4 Na6 8.
Nge2 Bc5 9. Qd2 Re8 10. O-O Bb4 11. a3 Bf8 12. Qc2 d6 13. Nd4 Nc5 14. Rd1 Qe7
15. b4 Na6 16. b5 cxb5 17. Ndxb5 Qe6 18. Nd5 Nxd5 19. Rxd5 Bd7 20. Nd4 Qg6 21.
Bf4 Nc5 22. Re1 Ne6 23. Nxe6 Bxe6 24. Rd4 Rac8 25. Qa4 a6 26. Red1 Qh5 27. Bf1
Bg4 28. R1d3 h6 29. Rd5 Qg6 30. f3 Be6 31. R5d4 Qf6 32. Be2 Bh3 33. Bxd6 Bxd6
34. Rxd6 Qb2 35. Rd2 Qc1+ 36. Qd1 Qxa3 37. R2d3 Qc5+ 38. R3d4 Red8 39. Kh1 Rxd6
40. Rxd6 Qf2 0-1

[Event "Thüringenliga 2014/2015"]
[Site "?"]
[Date "2015.03.01"]
[Round "7"]
[White "Kampfhenkel, Ulrich"]
[Black "Siebarth, Marco"]
[Result "1-0"]
[WhiteElo "1934"]
[BlackElo "1960"]
[PlyCount "93"]
[EventDate "2015.??.??"]
[WhiteTeam "SV Ammern"]
[BlackTeam "SG Blau-Weiß Stadtilm"]

1. e4 c5 2. Nf3 Nc6 3. d4 cxd4 4. Nxd4 Nf6 5. Nc3 e5 6. Ndb5 d6 7. Bg5 a6 8.
Na3 b5 9. Nd5 Be7 10. Bxf6 Bxf6 11. Nxf6+ gxf6 12. Qh5 Qa5+ 13. c3 Be6 14. Bd3
Ke7 15. O-O Rag8 16. Qf3 Qb6 17. Nc2 Bg4 18. Qe3 Rb8 19. Qxb6 Rxb6 20. Ne3 Be6
21. a4 h6 22. axb5 axb5 23. Nd5+ Bxd5 24. exd5 Nd8 25. b4 Nb7 26. Bf5 Rb8 27.
Ra7 Kd8 28. Rfa1 Kc7 29. Bd3 Rc8 30. R1a5 Rb8 31. R5a6 Rg8 32. Ra8 Rb8 33. g3
f5 34. Bxf5 Rxa6 35. Rxa6 Nd8 36. Kf1 f6 37. Ke2 Nf7 38. Ra7+ Rb7 39. Rxb7+
Kxb7 40. Bg6 Nd8 41. Kf3 Kc7 42. Be8 f5 43. Bg6 Kb6 44. Bxf5 Nf7 45. h4 Kc7 46.
Bd3 Kb6 47. Ke4 1-0

[Event "Thüringenliga 2014/2015"]
[Site "?"]
[Date "2015.03.01"]
[Round "7"]
[White "George, Tom"]
[Black "Breuer, Harald"]
[Result "1-0"]
[WhiteElo "1884"]
[BlackElo "1850"]
[PlyCount "87"]
[EventDate "2015.??.??"]
[WhiteTeam "SG Blau-Weiß Stadtilm"]
[BlackTeam "SV Ammern"]

1. e4 c5 2. Nc3 g6 3. f4 Bg7 4. Nf3 d6 5. Bc4 Nf6 6. d3 O-O 7. O-O Bg4 8. h3
Bxf3 9. Qxf3 Nc6 10. Be3 Na5 11. e5 Nd7 12. Rad1 Nb6 13. Bd5 Nxd5 14. Qxd5 Rc8
15. exd6 Qxd6 16. Qxd6 exd6 17. Nd5 Nc6 18. f5 gxf5 19. Rxf5 Rce8 20. c3 Ne7
21. Nxe7+ Rxe7 22. Bf4 Re6 23. g4 Rd8 24. Rf1 Rd7 25. Kg2 b6 26. a3 d5 27. Kf3
Rf6 28. Rh5 Re6 29. Rf2 d4 30. c4 Rde7 31. b4 cxb4 32. axb4 Re1 33. Rd5 h6 34.
c5 R7e6 35. Rd8+ Kh7 36. Rd7 bxc5 37. bxc5 Rc6 38. Rc2 Rf1+ 39. Kg3 Rd1 40. Bd2
a5 41. Rxf7 Kg6 42. Ra7 Be5+ 43. Kf3 Bc7 44. Ke4 1-0

[Event "Thüringenliga 2014/2015"]
[Site "?"]
[Date "2015.03.01"]
[Round "7"]
[White "Salaske, Peter"]
[Black "Berner, Stephan"]
[Result "1-0"]
[WhiteElo "1844"]
[BlackElo "1870"]
[PlyCount "143"]
[EventDate "2015.??.??"]
[WhiteTeam "SV Ammern"]
[BlackTeam "SG Blau-Weiß Stadtilm"]

1. d4 Nf6 2. Nf3 b6 3. Bf4 Bb7 4. e3 d6 5. c4 g6 6. Nc3 Bg7 7. Be2 Nbd7 8. Qd2
O-O 9. O-O Nh5 10. Bg5 h6 11. Bh4 f5 12. d5 Nhf6 13. Nd4 Nc5 14. Bxf6 Bxf6 15.
b4 Bxd4 16. exd4 Nd7 17. Qxh6 Rf6 18. f4 Qf8 19. Qxf8+ Rfxf8 20. Bd3 Nf6 21.
Rae1 Kf7 22. Re2 a6 23. Rfe1 Rfe8 24. Bc2 Bc8 25. Bb3 Bd7 26. c5 Nh5 27. g3 Ng7
28. a4 Rab8 29. c6 Bc8 30. Bc4 Kf6 31. Kf2 Ra8 32. Ra2 Rh8 33. Kg2 Ne8 34. Rae2
Rh7 35. h3 Rf7 36. Nd1 Rb8 37. Bb3 a5 38. b5 Ng7 39. Nf2 Nh5 40. Kf3 Ng7 41. g4
g5 42. fxg5+ Kxg5 43. Kg3 fxg4 44. hxg4 Bxg4 45. Ne4+ Kg6 46. Kxg4 Rbf8 47. Ng3
Rf4+ 48. Kh3 Nh5 49. Nxh5 Kxh5 50. Rg2 Rh4+ 51. Kg3 Rg8+ 52. Kf2 Rf8+ 53. Kg1
Rf7 54. Re6 Rxd4 55. Bc2 Rff4 56. Rxe7 Rg4 57. Rh7+ Kg5 58. Rg7+ Kh4 59. R2xg4+
Rxg4+ 60. Rxg4+ Kxg4 61. Kf2 Kf4 62. Bd1 Ke4 63. Bf3+ Kd3 64. Kg3 Kc3 65. Kf4
Kb4 66. Bd1 Kc4 67. Ke4 Kc5 68. Kf5 Kxd5 69. Bf3+ Kc4 70. Ke6 Kb4 71. Bd1 Kc3
72. Kd7 1-0

[Event "Thüringenliga 2014/2015"]
[Site "?"]
[Date "2015.03.01"]
[Round "7"]
[White "Kinzel, Tiffany"]
[Black "Kurze, Christoph"]
[Result "0-1"]
[WhiteElo "1832"]
[BlackElo "1801"]
[PlyCount "94"]
[EventDate "2015.??.??"]
[WhiteTeam "SG Blau-Weiß Stadtilm"]
[BlackTeam "SV Ammern"]

1. d4 Nf6 2. e3 e6 3. Bd3 b6 4. f4 Bb7 5. Nf3 c5 6. b3 Be7 7. O-O O-O 8. Nbd2
d5 9. Bb2 Nc6 10. c4 Nb4 11. Bb1 Ne4 12. a3 Na6 13. Ne5 f6 14. Ng4 Nxd2 15.
Qxd2 Rc8 16. Qe2 f5 17. Ne5 Nb8 18. Bd3 Nd7 19. Rad1 Nxe5 20. fxe5 Bg5 21. cxd5
Bxd5 22. Bc4 Rc7 23. a4 Qa8 24. Rf2 Rd8 25. h3 Bxc4 26. bxc4 Qe4 27. Rf3 cxd4
28. Bxd4 Qc6 29. Ra1 Qxc4 30. Qf2 Be7 31. a5 Bc5 32. axb6 axb6 33. Rd1 Rcd7 34.
Rf4 Qb3 35. Rf1 Bxd4 36. Rxd4 Rxd4 37. exd4 Qd3 38. Kh1 Qxd4 39. Qg3 Qd3 40.
Qf2 b5 41. Re1 Qd4 42. Qa2 Qc4 43. Qa5 Qd5 44. Qc3 Ra8 45. Rf1 h6 46. Qc7 Ra2
47. Rg1 Re2 0-1

[Event "Thüringenliga 2014/2015"]
[Site "?"]
[Date "2015.03.01"]
[Round "7"]
[White "Hentrich, Jörg"]
[Black "Schröter, Maik"]
[Result "1-0"]
[WhiteElo "1755"]
[BlackElo "1842"]
[PlyCount "37"]
[EventDate "2015.??.??"]
[WhiteTeam "SV Ammern"]
[BlackTeam "SG Blau-Weiß Stadtilm"]

1. e4 c5 2. d4 cxd4 3. c3 dxc3 4. Nxc3 Nc6 5. Nf3 d6 6. Bc4 e6 7. O-O Be7 8.
Qe2 Nf6 9. Rd1 Nd7 10. Nb5 O-O 11. Nxd6 a6 12. e5 Qc7 13. Bf4 b5 14. Bd3 Nc5
15. Bxh7+ Kh8 16. Rac1 Nb4 17. Bb1 Nd5 18. Qc2 g6 19. Bh6 1-0

[Event "Thüringenliga 2014/2015"]
[Site "?"]
[Date "2015.03.01"]
[Round "7"]
[White "Werner, Justus"]
[Black "Thon, Philipp"]
[Result "0-1"]
[WhiteElo "1804"]
[BlackElo "1757"]
[PlyCount "78"]
[EventDate "2015.??.??"]
[WhiteTeam "SG Blau-Weiß Stadtilm"]
[BlackTeam "SV Ammern"]

1. c4 Nf6 2. g3 g6 3. Bg2 Bg7 4. Nc3 c5 5. Nf3 Nc6 6. O-O e5 7. e4 O-O 8. d3 d6
9. Ne1 Nd7 10. f4 exf4 11. gxf4 Nd4 12. Nf3 Re8 13. Be3 Nxf3+ 14. Qxf3 Nf8 15.
Rae1 Ne6 16. Kh1 Nd4 17. Bxd4 Bxd4 18. f5 Bd7 19. Bh3 Bc6 20. fxg6 fxg6 21.
Be6+ Kh8 22. Qh3 Re7 23. Rf3 Bd7 24. Bxd7 Qxd7 25. Qh6 Bg7 26. Qh4 Rf7 27. Ref1
Raf8 28. Kg2 Be5 29. R3f2 Qe6 30. h3 Bd4 31. Rxf7 Rxf7 32. Qe1 Qe7 33. Rxf7
Qxf7 34. Qf1 Qe7 35. Qf4 Be5 36. Qe3 Qh4 37. Qf3 Kg7 38. Qf2 Qg5+ 39. Kf1 Bd4
0-1

[Event "Thüringenliga 2014/2015"]
[Site "?"]
[Date "2015.03.01"]
[Round "7"]
[White "Hermannsdörfer, Frank"]
[Black "Neidig, Stefan"]
[Result "1/2-1/2"]
[WhiteElo "2100"]
[BlackElo "2154"]
[PlyCount "44"]
[EventDate "2015.??.??"]
[WhiteTeam "SV 1861 Liebschwitz"]
[BlackTeam "TSG Apolda"]

1. b3 e5 2. Bb2 d6 3. e4 Nf6 4. Nc3 Be7 5. Nf3 O-O 6. Be2 c5 7. d3 Nc6 8. Qd2
a6 9. a4 Rb8 10. O-O b5 11. axb5 axb5 12. Nd1 Re8 13. Ne3 Bf8 14. Ra2 g6 15. h4
Bh6 16. Ng5 Nd4 17. f4 Nxe2+ 18. Qxe2 Nh5 19. fxe5 Bxg5 20. hxg5 dxe5 21. Qf3
Rb7 22. Ra8 Qxg5 1/2-1/2

[Event "Thüringenliga 2014/2015"]
[Site "?"]
[Date "2015.03.01"]
[Round "7"]
[White "Middelhoff, Cornelius"]
[Black "Zeidler, Andreas"]
[Result "1/2-1/2"]
[WhiteElo "2068"]
[BlackElo "2163"]
[PlyCount "50"]
[EventDate "2015.??.??"]
[WhiteTeam "TSG Apolda"]
[BlackTeam "SV 1861 Liebschwitz"]

1. d4 Nf6 2. c4 e6 3. g3 d5 4. Bg2 Be7 5. Nf3 O-O 6. O-O dxc4 7. Qc2 a6 8. Qxc4
b5 9. Qc2 Bb7 10. Bd2 Be4 11. Qc1 Nc6 12. Nc3 Nxd4 13. Nxd4 Bxg2 14. Nxe6 fxe6
15. Kxg2 b4 16. Na4 Qd5+ 17. Kg1 Rad8 18. Bf4 Qh5 19. f3 Qb5 20. Qc2 Nd5 21.
Bc1 c5 22. e4 Nf6 23. b3 Ng4 24. Bf4 Nf6 25. Nb2 Rd7 1/2-1/2

[Event "Thüringenliga 2014/2015"]
[Site "?"]
[Date "2015.03.01"]
[Round "7"]
[White "Gerhardt, Frank"]
[Black "Rohmeiß, Roberto"]
[Result "1-0"]
[WhiteElo "2022"]
[BlackElo "2015"]
[PlyCount "39"]
[EventDate "2015.??.??"]
[WhiteTeam "SV 1861 Liebschwitz"]
[BlackTeam "TSG Apolda"]

1. e4 c6 2. d4 d5 3. Nc3 dxe4 4. Nxe4 Nd7 5. Nf3 Ngf6 6. Neg5 e6 7. Bd3 Bd6 8.
Qe2 O-O 9. O-O Qc7 10. Re1 c5 11. Ne4 cxd4 12. Bg5 Nd5 13. Nxd6 Qxd6 14. Qe4
N7f6 15. Qxd4 Qb6 16. Qh4 h6 17. Bxh6 gxh6 18. Qxh6 Qxf2+ 19. Kh1 Rd8 20. Re5
1-0

[Event "Thüringenliga 2014/2015"]
[Site "?"]
[Date "2015.03.01"]
[Round "7"]
[White "Maiwald, Harald"]
[Black "Kastner, Peter"]
[Result "1/2-1/2"]
[WhiteElo "1961"]
[BlackElo "1974"]
[PlyCount "32"]
[EventDate "2015.??.??"]
[WhiteTeam "TSG Apolda"]
[BlackTeam "SV 1861 Liebschwitz"]

1. Nf3 Nf6 2. c4 c5 3. g3 g6 4. Bg2 Bg7 5. O-O O-O 6. d4 cxd4 7. Nxd4 Nc6 8.
Nc3 a6 9. h3 Nxd4 10. Qxd4 d6 11. Qd3 Qc7 12. Bd2 Bf5 13. e4 Be6 14. Nd5 Nxd5
15. cxd5 Bd7 16. Rfc1 Qb6 1/2-1/2

[Event "Thüringenliga 2014/2015"]
[Site "?"]
[Date "2015.03.01"]
[Round "7"]
[White "Biel, Maik"]
[Black "Goemann, Jens"]
[Result "1/2-1/2"]
[WhiteElo "1939"]
[BlackElo "2082"]
[PlyCount "22"]
[EventDate "2015.??.??"]
[WhiteTeam "SV 1861 Liebschwitz"]
[BlackTeam "TSG Apolda"]

1. d4 Nf6 2. c4 g6 3. Nc3 Bg7 4. e4 d6 5. Be2 O-O 6. Nf3 e5 7. d5 a5 8. O-O Na6
9. Qc2 Bg4 10. a3 Qe7 11. b3 Nd7 1/2-1/2

[Event "Thüringenliga 2014/2015"]
[Site "?"]
[Date "2015.03.01"]
[Round "7"]
[White "Carnot, Luca"]
[Black "Birke, Andreas"]
[Result "0-1"]
[WhiteElo "1783"]
[BlackElo "2100"]
[PlyCount "66"]
[EventDate "2015.??.??"]
[WhiteTeam "TSG Apolda"]
[BlackTeam "SV 1861 Liebschwitz"]

1. d4 Nf6 2. Nf3 e6 3. e3 b6 4. b3 Be7 5. Nbd2 Bb7 6. Bb2 O-O 7. Be2 c5 8. O-O
Qc7 9. dxc5 bxc5 10. Nc4 d5 11. Nce5 Nc6 12. Nxc6 Bxc6 13. Ne5 Bb7 14. f4 Rad8
15. Bd3 Ne4 16. Qg4 f5 17. Qh5 Nf6 18. Qh3 d4 19. Bc4 Bd5 20. exd4 cxd4 21.
Rad1 Bc5 22. Bxd5 Rxd5 23. Kh1 Rfd8 24. Nd3 Bb6 25. Rde1 Re8 26. Re2 Ng4 27.
Qg3 Ne3 28. Rc1 Rc8 29. c4 dxc3 30. Rxc3 Qxc3 31. Bxc3 Rxc3 32. Rxe3 Rdxd3 33.
Rxd3 Rc1+ 0-1

[Event "Thüringenliga 2014/2015"]
[Site "?"]
[Date "2015.03.01"]
[Round "7"]
[White "Müller, Gunther"]
[Black "Schmidt, Matthias"]
[Result "0-1"]
[WhiteElo "1800"]
[BlackElo "1946"]
[PlyCount "100"]
[EventDate "2015.??.??"]
[WhiteTeam "SV 1861 Liebschwitz"]
[BlackTeam "TSG Apolda"]

1. c4 Nf6 2. Nc3 g6 3. Nf3 Bg7 4. g3 O-O 5. Bg2 d5 6. cxd5 Nxd5 7. O-O e5 8.
Qb3 Nb6 9. d3 Nc6 10. Be3 Be6 11. Qd1 h6 12. Ne4 Nd4 13. Qd2 Kh7 14. Rfc1 Bd5
15. Nc3 Nxf3+ 16. Bxf3 Bxf3 17. exf3 Qd7 18. Ne4 Rfd8 19. Nc5 Qd5 20. Kg2 Nd7
21. Nxd7 Rxd7 22. Rc5 Qd6 23. Rd1 Rad8 24. Qc2 c6 25. Rc4 Qe6 26. a4 a6 27. b4
Rd5 28. Bb6 R8d7 29. Be3 Bf6 30. Re4 Qd6 31. Bc5 Qc7 32. Be3 Qd8 33. a5 Be7 34.
Bb6 Qf8 35. Qc3 Rb5 36. Rb1 f6 37. Rc4 Rdd5 38. f4 c5 39. Qc2 exf4 40. Rxf4
cxb4 41. Qc7 Qg7 42. Qxb7 Bd6 43. Qxg7+ Kxg7 44. Re4 Rxd3 45. Bc7 Re5 46. Rxe5
Bxe5 47. Bb6 Bd6 48. Rb2 b3 49. Kf1 Ba3 50. Rb1 b2 0-1

[Event "Thüringenliga 2014/2015"]
[Site "?"]
[Date "2015.03.01"]
[Round "7"]
[White "Steiger, Jürgen"]
[Black "Meissner, Steffen"]
[Result "1/2-1/2"]
[WhiteElo "1929"]
[BlackElo "1755"]
[PlyCount "25"]
[EventDate "2015.??.??"]
[WhiteTeam "TSG Apolda"]
[BlackTeam "SV 1861 Liebschwitz"]

1. e4 c5 2. Nc3 Nc6 3. g3 g6 4. Bg2 Bg7 5. Nge2 d6 6. O-O Nf6 7. d3 O-O 8. h3
a6 9. Be3 Bd7 10. d4 cxd4 11. Nxd4 Rc8 12. Nce2 Qc7 13. Rc1 1/2-1/2

[Event "Thüringenliga 2014/2015"]
[Site "?"]
[Date "2015.03.22"]
[Round "8"]
[White "Siebarth, Raiko"]
[Black "Hermannsdörfer, Frank"]
[Result "1-0"]
[WhiteElo "2224"]
[BlackElo "2100"]
[PlyCount "81"]
[EventDate "2015.??.??"]
[WhiteTeam "SG Blau-Weiß Stadtilm"]
[BlackTeam "SV 1861 Liebschwitz"]

1. e4 d6 2. c4 Nf6 3. Nc3 e5 4. h3 Be7 5. g3 Be6 6. d3 c6 7. Bg2 a6 8. Nf3 Qc8
9. Be3 O-O 10. Qd2 Rd8 11. Rc1 b5 12. b3 Qb7 13. O-O b4 14. Ne2 a5 15. Nh4 d5
16. exd5 cxd5 17. f4 Nc6 18. fxe5 Nxe5 19. Nf5 Bf8 20. Bd4 Ned7 21. Kh2 a4 22.
Ba1 axb3 23. axb3 Ra3 24. Ned4 Qa6 25. Qg5 Kh8 26. cxd5 Bxf5 27. Qxf5 Re8 28.
Rc6 Qa8 29. Bb2 Ra2 30. Rc2 Bd6 31. Qf2 Qa6 32. Nf5 Bf8 33. Bxf6 Rxc2 34. Bxg7+
Bxg7 35. Qxc2 Bc3 36. Rf2 Qa1 37. Re2 Rf8 38. d6 Be5 39. Qd2 Qc3 40. Qxc3 Bxc3
41. Re7 1-0